000 01174nam a2200229Ii 4500
003 JO-AjNU
008 230605s9999||||xx |||||||||||||| ||und||
017 _a2007/5/1452
040 _aJO-AjNU
_bara
_erda
_cJO-AjNU
041 _aara
050 1 4 _aTH420.J67.2007
100 3 _a إعداد أحمد شلاش العلاونه، أسامة نصير,
_eauthor
_951641
245 0 0 _aمجلس البناء الوطني الأردني، وزارة الأشغال العامة والإسكان: كودة القواعد والأساسيات والجدران الساندة
250 _aط2
264 3 1 _aعمان: الجمعية العلمية الملكية،مجلس البناء الوطني الأردني، 2007
300 _aمتعدد الترقيم
_bيشتمل على ملاحق
336 _atext
_btxt
_2rdacontent
337 _aunmediated
_bn
_2rdamedia
338 _avolume
_bnc
_2rdacarrier
490 0 _aكودات البناء الوطني الأردني 
650 4 _aهندسة الإنشاءات -- الأردن -- الحوائط الساندة -- الأردن -- الاساسات -- المباني -- مواصفات معيارية -- الأردن
_951642
999 _aA22827
_c26395
_d26395